|
|
|
|
| LEADER |
00000nam0a2200000 4500 |
| 001 |
253976 |
| 005 |
20231101232907.0 |
| 010 |
|
|
|a 9785160092041
|
| 035 |
|
|
|a (RuTPU)RU\TPU\book\276397
|
| 090 |
|
|
|a 253976
|
| 100 |
|
|
|a 20140318d2014 m y0rusy50 ca
|
| 101 |
0 |
|
|a rus
|
| 102 |
|
|
|a RU
|
| 105 |
|
|
|a y j 001zy
|
| 200 |
1 |
|
|a Методология научного исследования
|e учебник для вузов
|f А. О. Овчаров, Т. Н. Овчарова
|
| 210 |
|
|
|a Москва
|c Инфра-М
|d 2014
|
| 215 |
|
|
|a 304 с.
|
| 225 |
1 |
|
|a Высшее образование - Магистратура
|
| 320 |
|
|
|a Библиогр.: с. 295-301.
|
| 330 |
|
|
|a Учебник раскрывает комплекс теоретических, методологических и организационных проблем научных исследований. Рассматриваются содержание и различные аспекты науки и научного исследования социально-экономических процессов. Особое внимание уделяется статистической методологии экономических исследований. Для магистрантов, обучающихся по направлению 080300 «Финансы и кредит», а также для аспирантов, научных работников и преподавателей высших учебных заведений, работников органов государственной власти в сфере образования и науки, для всех интересующихся методологией и организацией современной науки.
|
| 606 |
1 |
|
|a Научные исследования
|x Методика
|2 stltpush
|3 (RuTPU)RU\TPU\subj\67927
|9 83519
|
| 610 |
1 |
|
|a методология
|
| 610 |
1 |
|
|a научное познание
|
| 610 |
1 |
|
|a наука
|
| 610 |
1 |
|
|a гносеология
|
| 610 |
1 |
|
|a творческий процесс
|
| 610 |
1 |
|
|a социальные процессы
|
| 610 |
1 |
|
|a экономические процессы
|
| 610 |
1 |
|
|a политические процессы
|
| 610 |
1 |
|
|a типологизация
|
| 610 |
1 |
|
|a логика
|
| 610 |
1 |
|
|a статистическая методология
|
| 610 |
1 |
|
|a программа
|
| 610 |
1 |
|
|a руководство
|
| 610 |
1 |
|
|a НИОКР
|
| 610 |
1 |
|
|a планирование
|
| 610 |
1 |
|
|a учебники
|
| 610 |
1 |
|
|a методика
|
| 610 |
1 |
|
|a исследование
|
| 686 |
|
|
|a Ч215.3я73
|v LBC/SL-A
|2 rubbk
|
| 700 |
|
1 |
|a Овчаров
|b А. О.
|
| 701 |
|
1 |
|a Овчарова
|b Т. Н.
|
| 801 |
|
1 |
|a RU
|b 63413507
|c 20140318
|
| 801 |
|
2 |
|a RU
|b 63413507
|c 20150902
|g RCR
|
| 942 |
|
|
|c BK
|
| 959 |
|
|
|a 51/20140317
|d 5
|e 449,90
|f ЧЗГЛ:1
|f АНЛ:1
|f УФ:3
|